| 000 | 00637nam a2200217Ia 4500 | ||
|---|---|---|---|
| 001 | 1711 | ||
| 003 | GE_BSU | ||
| 008 | 181216s||||||||xx |||||||||||||| ||und|| | ||
| 020 | _a9992897694 | ||
| 040 | _cGE_BSU | ||
| 080 | _a821.161.1 | ||
| 100 | _aწიბახაშვილი, გიორგი | ||
| 245 | _aთარგმნები და ასოციაციები | ||
| 245 | _cრედ. კახაბერ ჭეიშვილი | ||
| 260 | _aთბილისი | ||
| 260 | _bუნივერსალი | ||
| 260 | _c2003 | ||
| 300 | _a104 გვ. 16 სმ. | ||
| 541 | _h4 ლ. | ||
| 942 | _cBK | ||
| 999 |
_c35822 _d35822 |
||